| 000 | 01012nam a2200277 i 4500 | ||
|---|---|---|---|
| 001 | 144446 | ||
| 003 | ES-MaACL | ||
| 005 | 20250815004216.0 | ||
| 007 | t| | ||
| 008 | 070214s1969 sp r ||||1| spa d | ||
| 245 | 0 | 0 |
_aSistema de los estados mundiales / _cpor Walter Goetz, Félix Salomón, Hermann Wätjen, Hans Heinrich Schaeder, Martin Winkler, F.E.A. Krause ; versión española de Manuel García Morente. |
| 250 | _a7ª ed. | ||
| 260 |
_aMadrid : _bEspasa Calpe, _c1969. |
||
| 300 |
_aXVI, 738 p., 34 lám. : _bil. ; _c27 cm. |
||
| 650 | 7 |
_aHistoria contemporánea _2embne _913393 |
|
| 700 | 1 |
_aGoetz, Walter, _d1867-1958 _957579 |
|
| 700 | 1 |
_aGarcía Morente, Manuel, _d1886-1942 _955002 |
|
| 700 | 1 |
_aSalomon, Felix. _9168690 |
|
| 700 | 1 |
_aWätjen, Hermann. _9168689 |
|
| 700 | 1 |
_aSchaeder, Hans Heinrich, _d1896-1957 _9168674 |
|
| 700 | 1 |
_aWinkler, Martin. _9168682 |
|
| 700 | 1 |
_aKrause, F. E. A. _9168760 |
|
| 852 |
_aES-MaACL _jC-36417 |
||
| 942 | _2udc | ||
| 999 |
_c144446 _d144446 |
||